| 000 | 01074cab a2200277 4500 | ||
|---|---|---|---|
| 001 | ABS60033 | ||
| 008 | 090401t1999 xxu||||| |||| 00| 0 eng d | ||
| 035 | _a(Sirsi) u91151 | ||
| 041 | _aeng | ||
| 100 | _aDowden, M. | ||
| 245 | _aBeware hidden interests | ||
| 260 | _c1999 | ||
| 350 | _a0 | ||
| 490 |
_aEstates Gazette _v(9905) 6 February 1999, 159(1) |
||
| 520 | _aDiscusses the implications of the case "Ferrishurst v Wallcite", in which the CA judged that with regard to the Land Registration Act 1925 s70(i)(g), occupation of part of the property affected by rights of the occupier is sufficient; and that the capacity in which the person occupies need not indicate the nature of the right claimed. | ||
| 650 | _aASHBURN ANSTALT V ARNOLD | ||
| 650 | _aFERRISHURST V WALLCITE | ||
| 650 | _aLAND REGISTRATION ACT 1925 S70(1)(G) | ||
| 650 | _aMULTI-LET BUILDINGS | ||
| 650 | _aOVERRIDING INTEREST | ||
| 650 | _aREGISTERED LAND | ||
| 650 | _aWILLIAMS & GLYNS BANK V BOLAND | ||
| 690 | _aPROPERTY LAW AND PRACTICE | ||
| 942 | _n0 | ||
| 948 | _c08/02/1999 | ||
| 999 |
_c57843 _d57843 |
||